00467nam a2200169 a 450000500170000000800410001702000180005805000230007610000240009924500520012325000120017526000290018730000290021652100100024565000260025565000160028120140310183423.0070925s19uu xx 00 eng d a9780534558109 aQP 431b.G578 2007 aGoldstein, Bruce E. aSensation and perception /cBruce E. Goldstein. a7th ed. aU.S.A :bThomson,c2007. a438 p. :bill. ;c27 cm. aPSYCH aSenses and Sensation. aPerception.